00760nam a2200217Ia 450000500170000000800410001704000190005804100120007708200170008924501120010626000420021830000160026050400500027665000140032665100440034070000220038485000100040694200070041699900160042395201030043920230424101441.0131103s9999 xx 000 0 und d aLoreto College aEnglish a338.954bSTR 4aThe crisis of Indian planningb economic planning in the 1960s cedited by Paul Streeten and Michael Lipton aLondonbOxford University Pressc1968 avii,416 p.  aIncludes bibliographical references and index aEconomics aIndia - Economic Policy and Development aStreeten,Paul,ed. aLCLIB cBK c7650d58129 00102ddc4070aMAINbMAINd2013-11-04l0o338.954 STR 16879pB7522r2013-11-04w2013-11-04yBKf